Profesor Jan Trzynadlowski

Titel: Profesor Jan Trzynadlowski
Verfasser:
In: Litteraria, Band 27 (1996), Seite 7-11
alle Artikel anzeigen
Veröffentlicht: 1996
Format: Aufsatz
Sprache: Polnisch
Kein Bild verfügbar
X
alg: 39455328
001A    $01999:12-11-16 
001B    $01999:30-05-21 $t14:35:29.000 
001C    $06050:19-11-16 $t08:56:43.000 
001D    $01999:12-11-16 
001U    $0utf8 
001X    $00 
002@    $0Aox 
003@    $0394553284 
007A    $0394553284 $aHEB 
007T    $0Herdw03204 
010@    $apol 
011@    $a1996 
021A    $aProfesor Jan Trzynadlowski 
028A    $aPięczka $dBogdan 
031A    $d27 $h7-11 $j1996 
039B    $aIn $8--Abvc--. Litteraria. - Wrocław : Wydawn. WTN, 1969-. - ISSN 0084-3008 $x199600000270000993 $9047344253 
045F    $a929.09438 $eDDC23BSB 
045F/01 $a929 
045F/03 $g438 
045F/03 $g4385 
045T    $aAVL $qDE-30 $2FID 
045T    $a7,39 $a7,12 

lok: 39455328 78

exp: 39455328 78 1 #EPN
201B/01 $020-11-17 $t23:23:12.000 
201U/01 $0utf8 
203@/01 $0790663716 
208@/01 $a12-11-16 $be 
209A/01 $a/ $f000 $x00 
220C/01 $aTitelaufnehmer: AH 
220C/01 $aHerkunft: CBŚB Wrocław 
244Z/01 $2Trx $#Silesia $#Śląsk $#Sliezsko $#Slezsko $8--Trx--Schlesien $x01 $9391173987 
244Z/01 $2Trx $#Poola $#Lenkija $#Polija $#Polen Land $#Poland $#Lengyelország $#Poľsko $#Polsko $8--Trx--Polska$gkraj $x02 $9391345966 
244Z/01 $#Breslau $#Wrocław $#Wrotizla $#Breßlau $#Breßlaw $#Vroclav $#Vratislav $#Vratislavia $#Vratislauiae $#Bresslau $#Wratislavia $#Brassel $#Bresla $#Wratislava $#Smirna $#Breslavia $#Wroclaw $74008216-7 $8--Tg1--Breslau $x03 $9085014184 
244Z/01 $aGeschichte 1912-1995 $x04 
244Z/01 $2Trx $8--Trx--Trzynadlowski, Jan$Z1912-1995 $x05 $9390805785 
244Z/01 $2Trx $8--Trx--Zeitschriftenaufsatz $x06 $9391384341 
245Z/01 $a12.03 $x01 
247C/01 $82080>Marburg/Lahn, Herder-Institut, Forschungsbibliothek, Bibliographieportal $9336309341
LEADER 00000caa a22000002c 4500
001 394553284
003 DE-603
005 20210530143529.0
007 tu
008 161112s1996 xx |||| | u00||u|pol c
035 |a (DE-599)HEB394553284 
040 |a DE-603  |b ger  |c DE-603  |d DE-603 
041 |a pol 
082 0 4 |8 1\u  |a 929.09438  |q DE-101  |2 23/BSB 
084 |a AVL  |q DE-30  |2 fid 
084 |a 7,39  |a 7,12  |2 ssgn 
085 |8 1\u  |b 929 
085 |8 1\u  |z 2  |s 438 
085 |8 1\u  |z 2  |s 4385 
100 1 |a Pięczka, Bogdan 
245 0 0 |a Profesor Jan Trzynadlowski 
264 0 |c 1996 
773 0 8 |i In  |t Litteraria  |d Wrocław : Wydawn. WTN, 1969-  |x 0084-3008  |g Band 27 (1996), Seite 7-11  |w (DE-603)047344253  |w (DE-600)216021-3 
924 0 |9 2080  |a (DE-603)790663716  |b DE-2080  |c HES  |d d  |g /